000
00358 a2200145 i 4500
001
197215
003
44923
010
_a
978-617-567-078-1
090
_a
197215
100
_a
u||y y50 zz
200
_a
Середняківська пісня Кобзаря
210
_d
2014
700
_a
Бойко
_b
П.
942
_2
udc
_c
XXX
_z
44923
999
_c
44923
_d
44923